| 000 | 02215nam0a2200337 4500 | ||
|---|---|---|---|
| 001 | RU\NLR\BIBL_A\022776472 | ||
| 005 | 20260531093332.0 | ||
| 010 |
_a978-5-907977-15-0 _9500 |
||
| 021 |
_aRU _bКН-П-26-009113 _9КН-П-26-0866 |
||
| 035 | _a(NLR Aleph) 022776472 | ||
| 090 |
_a13715273 _c13715273 |
||
| 100 | _a20260406d2025 u y0rusy50 ca | ||
| 101 | 0 | _arus | |
| 102 | _aRU | ||
| 105 | _aa j 000yy | ||
| 181 | 0 |
_ai _baxxe |
|
| 182 | 0 | _an | |
| 200 | 1 |
_aКомпьютерные технологии в экологии и природопользовании _eучебное пособие _eдля обучающихся по направлению подготовки 05.04.06 Экология и природопользование _fД. А. Антоненко, Ю.Ю. Никифоренко _gМинистерство сельского хозяйства Российской Федерации, Федеральное государственное бюджетное образовательное учреждение высшего образования "Кубанский государственный аграрный университет имени И. Т. Трубилина" |
|
| 203 |
_aТекст _bвизуальный _cнепосредственный |
||
| 210 |
_aКраснодар _cКубГАУ _d2025 |
||
| 215 |
_a86 с. _cил., табл. _d20 |
||
| 320 | _aБиблиогр.: с. 83-84 (24 назв.) | ||
| 606 | 1 |
_aИнформационные технологии _jУчебные издания для высших учебных заведений _xПрименение в экологии _92194443 _3RU\NLR\AUTH\661318979 |
|
| 606 | 1 |
_aЭкологические исследования _jУчебные издания для высших учебных заведений _xОбработка результатов компьютерная _92386326 _3RU\NLR\AUTH\661423394 |
|
| 686 | 1 | _aЕ081с51я731 | |
| 700 | 1 |
_aАнтоненко _bД. А. _gДарья Алексеевна |
|
| 701 | 1 |
_aНикифоренко _bЮ. Ю. _gЮлия Юрьевна |
|
| 942 | _cBOOK | ||
| 980 | _aNB | ||